000
00310nam a2200133Ia 4500
008
230817s2003 xx 000 0 und d
041
_a
eng
082
_a
3411/TIW
100
_a
Tiwari DK
245
_a
Indian Cases Reports
260
_a
none
_b
Law Vision Pub
_c
2003
300
_a
1007p
650
_a
GENRAL LAW
999
_c
845422
_d
845422